Sikshar darsanik viti (Record no. 4515)

MARC details
000 -LEADER
fixed length control field 00427cam a2200169ua 4500
008 - FIXED-LENGTH DATA ELEMENTS--GENERAL INFORMATION
fixed length control field 120817n ii |||gr||||Z||||||asm
040 ## - CATALOGING SOURCE
Transcribing agency MAIN
082 ## - DEWEY DECIMAL CLASSIFICATION NUMBER
Classification number 370
100 ## - MAIN ENTRY--PERSONAL NAME
Personal name Handique, Rintu,
Relator term
245 10 - TITLE STATEMENT
Title Sikshar darsanik viti
Statement of responsibility, etc. by Rintu Handique
250 ## - EDITION STATEMENT
Edition statement 1st.
260 ## - PUBLICATION, DISTRIBUTION, ETC.
Place of publication, distribution, etc. Golaghat:
Name of publisher, distributor, etc. Saraswati Prakashan,
Date of publication, distribution, etc. 2012.
300 ## - PHYSICAL DESCRIPTION
Extent 244p:
Dimensions 23cm.
700 ## - ADDED ENTRY--PERSONAL NAME
Personal name Borah, Bornali,
Relator term
942 ## - ADDED ENTRY ELEMENTS (KOHA)
Koha item type Books
Holdings
Withdrawn status Lost status Damaged status Not for loan Home library Current library Shelving location Date acquired Total Checkouts Full call number Barcode Date due Date last seen Date last checked out Copy number Price effective from Koha item type
        Central Library, Naharkatiya College Central Library, Naharkatiya College General Stacks 19/09/2020 2 370 | HAN 20739 09/12/2021 22/11/2021 22/11/2021 1 19/09/2020 Books
        Central Library, Naharkatiya College Central Library, Naharkatiya College General Stacks 19/09/2020 5 370 | HAN 20740   01/11/2023 17/10/2023 2 19/09/2020 Books

Naharkatiya College © 2020. All rights reserved.

Powered By